|
|
|
|
| LEADER |
01028nam a2200301 a 4500 |
| 001 |
000937673 |
| 003 |
CZ BrMZK |
| 005 |
20090917115924.0 |
| 007 |
ta |
| 008 |
090126s2009 xr e 000 0 cze |
| 020 |
|
|
|z 978-80-87114-00-1
|
| 040 |
|
|
|a BOA001
|b cze
|
| 072 |
|
7 |
|a 78.03
|x Vývojová období v dějinách hudby
|2 Konspekt
|9 9
|
| 080 |
|
|
|a 78.036
|2 MRF
|
| 080 |
|
|
|a (0:82-192)
|2 MRF
|
| 080 |
|
|
|a (081)
|2 MRF
|
| 100 |
1 |
|
|a Žák, Martin,
|d 1969-
|7 xx0004061
|4 aut
|
| 245 |
1 |
0 |
|a Není cesta zpátky /
|c [autor veškerých písňových textů a doprovodných příběhů je] Martin Žák
|
| 260 |
|
|
|a [Mařenice] :
|b Country Home,
|c 2009
|
| 300 |
|
|
|a 33 s. ;
|c 13 x 15 cm +
|e 1 CD
|
| 500 |
|
|
|a Název z obálky
|
| 650 |
0 |
7 |
|a country music
|7 ph224322
|2 czenas
|
| 655 |
|
7 |
|a písňové texty
|7 fd133190
|2 czenas
|
| 655 |
|
7 |
|a sborníky
|7 fd163935
|2 czenas
|
| 910 |
2 |
|
|a BOA001
|b S-1223.484
|
| 990 |
|
|
|a BK
|
| 991 |
|
|
|b 200905
|
| 996 |
6 |
|
|b 2610375993
|c S-1223.484
|l MZK
|r Sklad / do 24 hodin
|n 2
|p p.v.
|w 000937673
|u 000010
|a 1
|e BOA001
|j MZK50
|s P
|